000 00440nam a2200169Ia 4500
008 100318t2000 xxu||||| |||| 00| 0 sin d
041 _asin
080 _aX8S31
_bSIR
100 _aSiriwardana, Ileen
245 _aඅහසින් පොළොවට 27
246 _aAhasin Polovata 27
260 _bGunasena
_aColombo
_c2000
300 _a178p., 21 cm
942 _cBK
999 _c71565
_d71565
003 LK-CoDNM
040 _aLK-CoDNM
_dLK-CoDNM
_eLK-CoDNM